| 000 | 00835 a2200217 4500 | ||
|---|---|---|---|
| 003 | OSt | ||
| 005 | 20230320102321.0 | ||
| 008 | 220428s2019 mx a||||r|||| 00| 0 spa d | ||
| 020 | _a9786079578862 | ||
| 040 | _cCHAP | ||
| 082 | 0 | 0 |
_a323.340972 _bA28 _222 |
| 100 | 1 |
_9186295 _aAguilar Pérez, Jenniffer Mercedes |
|
| 245 | 1 | 0 |
_aOrden de género y representación política : _bun estudio sobre cuotas de género y paridad política en México / _cpor Jeniffer Mercedes Aguilar Pérez. |
| 264 | 1 |
_aGuanajuato, México : _bInstituto Electoral del Estado de Guanajuato, _c2019. |
|
| 300 |
_a372 páginas. _btablas, cuadros. |
||
| 504 | _aIncluye bibliografía. | ||
| 650 | 2 |
_936946 _aEnfoque de género _zMéxico |
|
| 650 | 2 |
_9186298 _aMujeres _xActividad política |
|
| 650 | 1 |
_9186296 _aMujeres _xDerechos políticos |
|
| 942 |
_2ddc _cLIBRO |
||
| 999 |
_c209235 _d209235 |
||